Broken Souls Ballad Vol #1 /

Black Caravan Imprint. Broken Souls Ballad is a dark story of brotherhood and sisterhood, about special children with tremendous powers born of their mental illnesses and fears. They were created this way by a government agency - one of many moving through the shadows - to become sentient biological...

Full description

Bibliographic Details
Corporate Author: Library Pass, LLC
Other Authors: Rosi, Massimo (writer.)
Format: eBook
Language:English
Published: [United States] : Scout Comics, 2022.
Subjects:
Online Access:Connect to this electronic book (First time users create your free account)

MARC

Tag First Indicator Second Indicator Subfields
LEADER 00000nmm a22000001a 4500
001 in00004612349
006 m|||||o||m||||||||
007 cr|cn |||uuuuu
008 221118s2022 xxu||||eo|||| ||||||eng d
005 20221207214107.1
035 |a (TxWaIVM)IV88582ScBr 
040 |a TxWaIVM  |c TxWaIVM 
245 0 0 |a Broken Souls Ballad Vol #1 /  |c powered by Library Pass. 
260 3 |a [United States] :  |b Scout Comics,  |c 2022. 
300 |a 1 online resource. 
336 |a text  |b txt  |2 rdacontent 
337 |a computer  |b c  |2 rdamedia 
338 |a online resource  |b cr  |2 rdacarrier 
520 |a Black Caravan Imprint. Broken Souls Ballad is a dark story of brotherhood and sisterhood, about special children with tremendous powers born of their mental illnesses and fears. They were created this way by a government agency - one of many moving through the shadows - to become sentient biological weapons. Now, as they enter their adolescence, their powers have become more and more undeniable. It is time to return home, to the dark arms of the institution that birthed them - Saint Abigail's. 
521 |a 4 
538 |a Requires a valid library card and registration for new users. 
538 |a Mode of access: World Wide Web. 
538 |a System requirements: Flash 10.1 or higher, Windows XP and higher, Internet Explorer 7 and higher, Firefox 3.6 and higher, Google Chrome; Max OS 10.5 and higher, Safari 4 and higher. 
650 0 |a Fantasy comic books, strips, etc. 
655 7 |a Electronic books.  |2 local 
655 7 |a Fantasy comic books, strips, etc.  |2 gsafd 
650 0 |a Horror comic books, strips, etc. 
655 7 |a Horror comic books, strips, etc.  |2 gsafd 
650 0 |a Suspense comic books, strips, etc. 
655 7 |a Suspense comic books, strips, etc.  |2 gsafd 
650 0 |a Science fiction comic books, strips, etc. 
655 7 |a Science fiction comic books, strips, etc.  |2 gsafd 
650 0 |a Fantasy comic books, strips, etc. 
655 7 |a Fantasy comic books, strips, etc.  |2 gsafd 
700 1 |a Rosi, Massimo.  |e writer. 
700 1 |a Ceregatti, Ludovica.  |e artist. 
710 2 |a Library Pass, LLC. 
856 4 0 |u http://proxy.library.tamu.edu/login?url=https://tamu.librarypass.com/product/scout.comics.broken.souls.ballad.vol.one.english.04152022  |z Connect to this electronic book (First time users create your free account)  |t 0 
955 |a Comics Plus. 
999 f f |s 1eee7866-1fe0-438c-b3ab-9f292ea59914  |i 68aede90-1624-4c73-90bf-c391b21d5628  |t 0 
952 f f |a Texas A&M University  |b College Station  |c Electronic Resources  |d Available Online  |t 0  |h Library of Congress classification 
998 f f |t 0  |l Available Online